000 00602nam a2200181Ia 4500
008 090124s9999 xx 000 0 und d
082 _b44555
100 _aमांडके अलका
245 _a शब्द जैसे कल्लोळ
250 _a2
260 _b"अक्षरमुद्रा प्रकाशन,"
_c2006
300 _a111
600 _aमांडके अलका
630 _a शब्द जैसे कल्लोळ
700 _aमांडके अलका
730 _a शब्द जैसे कल्लोळ
942 _cBOOK
999 _c110767
_d110767